| 000 | 00905nam a2200229Ii 4500 | ||
|---|---|---|---|
| 003 | JO-AjNU | ||
| 008 | 230605s9999||||xx |||||||||||||| ||und|| | ||
| 017 | _a2005/1/38 | ||
| 020 | _a9957-16-063-X | ||
| 040 |
_aJO-AjNU _bara _erda _cJO-AjNU |
||
| 041 | _aara | ||
| 050 | 1 | 4 | _aK5064.H396.2005 |
| 100 | 3 |
_a الهيتي ، محمد حماد, _eauthor _925124 |
|
| 245 | 0 | 0 | _aالخطأ المفترض في المسؤولية الجنائية |
| 250 | _aط1 | ||
| 264 | 3 | 1 | _aعمان : دار الثقافة ، 2005 |
| 300 |
_a350ص _b يشتمل على ببليوجرافيا ص(329-342)/ يشتمل على ملخص ص(341-345) |
||
| 336 |
_atext _btxt _2rdacontent |
||
| 337 |
_aunmediated _bn _2rdamedia |
||
| 338 |
_avolume _bnc _2rdacarrier |
||
| 650 | 4 |
_aالقانون الجنائي -- علم الجريمة -- المسؤولية الجنائية -- الاجراءات الجنائية _925125 |
|
| 999 |
_aA9356 _c12924 _d12924 |
||